Detecting False Financial Statements: Evidence From Greece In the Period of Economic Crisis
Účelom štúdie je preskúmanie finančných podvodov v gréckych spoločnostiach evidovaných na burze v Aténach za obdobie rokov 2008 - 2015 počas hospodárskej krízy v Grécku. Údaje všetkých skúmaných spoločností zahŕňajú finančné údaje, výkazy, prehľady v správach od audítorov a finančné ukazovatele na z...
Saved in:
| Main Author: | |
|---|---|
| Other Authors: | , |
| Format: | Book Chapter |
| Language: | English |
| Subjects: | |
| Tags: |
No Tags, Be the first to tag this record!
|
MARC
| LEADER | 00000nla a2200000 4500 | ||
|---|---|---|---|
| 001 | 0242663 | ||
| 005 | 20220803162004.8 | ||
| 041 | 0 | |a eng | |
| 044 | |a UA | ||
| 245 | 1 | 0 | |a Detecting False Financial Statements: Evidence From Greece In the Period of Economic Crisis |c Michail Pazarkis, George Drogalas, Kyriaki Baltzi |
| 520 | |a Účelom štúdie je preskúmanie finančných podvodov v gréckych spoločnostiach evidovaných na burze v Aténach za obdobie rokov 2008 - 2015 počas hospodárskej krízy v Grécku. Údaje všetkých skúmaných spoločností zahŕňajú finančné údaje, výkazy, prehľady v správach od audítorov a finančné ukazovatele na základe správ z Aténskej burzy. | ||
| 610 | 2 | 0 | |a informácie obchodno-ekonomické |
| 610 | 2 | 0 | |a výkazy finančné |
| 610 | 2 | 0 | |a ukazovatele ekonomické |
| 610 | 2 | 0 | |a ukazovatele finančné |
| 610 | 2 | 0 | |a burzy |
| 610 | 2 | 0 | |a podvody |
| 610 | 2 | 0 | |a podvody bankové |
| 610 | 2 | 0 | |a kríza banková |
| 610 | 2 | 0 | |a kríza finančná |
| 610 | 2 | 0 | |a kríza hospodárska |
| 610 | 2 | 0 | |a Grécko |
| 100 | 1 | |a Pazarskis, Michail | |
| 700 | 1 | |a Drogalas, George | |
| 700 | 1 | |a Baltzi, Kyriaki | |